000 00700nam a22002177a 4500
999 _c16995
_d16995
003 AR-CdUCM
008 190507b ||||| |||| 00| 0 spa d
040 _aMUNICIPALIDAD PROVINCIAL DEL CUSCO
_cBIBLIOTECA MUNICIPAL DEL CUSCO
082 _a100 /
_bG21
100 _aGaos, Jose
_924679
245 _aDe la filosofia /
260 _aBuenos Aires :
_bFondo de cultura economica,
_c1962.
300 _a473 paginas ;
_c22 cm.
500 _aFilosofia
505 _aContenido: El curso -- un expresión verbal -- las posiciones -- expresiones y situaciones...
650 _aFilosofia
_9395
650 _aLogica
_92358
650 _aLiteratura
_983
942 _2ddc
_cLIBROS
945 _apjha
_d2019-05-07